000 00261nam a22001217a 4500
008 170615b xxu||||| |||| 00| 0 eng d
041 _aeng
080 _a94
100 _a19
101 _aSHH
245 _aNOTES ON THE TESTAMENT
_cBARNES.A
942 _2udc
_cBK
999 _c17605
_d17605